00841 a2200217 4500010001400000020002300014035001300037037001600050082001700066090001700083100002400100245009300124260003600217260004500253270007000298300004700368500002100415942003200436999001700468952013800485 aENG-89940 c650.00a8178242095 aEN-73473 bDBAD / VEN14a909.09824081 c12012d120121 aMetcalf, Thomas R.1 aImperial connections:cby Thomas R. MetcalfbIndia in the Indian Ocean Arena 1860-1920 / aRanikhetbPermanent Blackc2007 aNew DelhibOrient Longman (Distributor) aHimalayana, Mall Road, Ranikhet CanttbRanikhete263645cRanikhet axv, 264p.:c22 cm. (Hb)bb&w photos, ill. aIncludes index adplcENk909.09824081 / MET c11658d11658 00102ddc40718NFICaDBADbDBADeDBAD/PUBg650.00l0o909.09824081pEN-73473r2008-09-15 00:00:00t1u12772v650.00w2008-09-15yEN